000 02214nam a2200361 a 4500
001
003 DO-SdBNP
005 20220119111250.0
008 081122s2008 dr 001 0 spa d
020 _a9789945020380
020 _a9945020382
040 _aDO-SdBNP
_bspa
_cBPMSU
082 _aR 923.27293
_bC343p 2008
_222
100 1 _aCassá, Roberto,
_d 1948-
245 1 0 _aPadres de la Patria /
_cRoberto Cassá : edición Emilio Hernández Valdés.
260 _aSanto Domingo :
_bArchivo General de la Nación
_c2008.
300 _a100 p. ;
_c22 cm.
490 0 _aJuvenil
_v5
500 _3Incluye datos biográficos del autor en la solapa de la cubierta
504 _aIncluye referencias bibliográficas e índice onomástico
505 0 _aJuan Pablo Duarte -- La grandeza de Duarte -- Los años formativos -- Fundación de La Trinitaria -- Las enseñanzas de Duarte -- La reforma -- Lucha contra los afrancesados -- En El Apure -- Veinte años después: en la Restauración -- Bibliografía -- Su dimensión en la historia dominicana -- Orígenes familiares -- Infancia y juventud -- Preparación de la independencia -- El manifiesto del 16 de enero -- El 27 de febrero -- Los primeros meses de la República -- Éxito y retorno -- Con Báez -- Contra la anexión -- Expedición e inmolación -- Bibliografía -- Matías Ramón Mella el patriotismo hecho acción -- Su dimensión -- Iniciación revolucionaria -- Hacia el 27 de febrero -- De vuelta al Cibao -- Con Santana -- Misión en España -- En la Revolución de 1857 -- Ruptura con Santana -- vicepresidente restaurador -- Bibliografía -- Índice onomástico.
590 _6Inventariado, 2022/VM
600 1 4 _aDuarte, Juan Pablo,
_d1813-1876
600 1 4 _aMella, Matías Ramón,
_d1816-1864
600 1 4 _aRosario Sánchez, Francisco del
_d1817-1861
651 4 _aRepública Dominicana
_xHistoria
_y1844-1861
651 4 _aRepública Dominicana
_xHistoria, Anexión a España
_y1861-1865
700 1 _aHernández Valdés, Emilio,
_eed.
710 2 _aComisión Permanente de Efemérides Patrias (República Dominicana)
710 2 _aArchivo General de la Nación (República Dominicana)
910 _aVMateo
942 _2ddc
_cBK
999 _c13964
_d13964